000 00679nam a2200229 a 4500
999 _c9805
_d9805
001 9805
003 BD-JhCC
005 20180401101128.0
008 180401s1370 bg |||| ||a| 000 0 ben d
035 _a(BD-JhCC)9805
040 _aBD-JhCC
_dBD-JhCC
041 _aben
082 _a301.3
_bMOR 1370
100 _aমোর্তজা, মোহাম্মদ
245 _aজনসংখ্যা ও সম্পদ /
_cমোহাম্মদ মোর্তজা,
260 _aঢাকা :
_bবাঙলা একাডেমী,
_c1370
300 _a199 p. :
_c24 cm.
650 _aPopulation
650 _aBirth Control
942 _2ddc
_cBK